Elektronische Schalgeräte

Guardado en:
Detalles Bibliográficos
Autor principal: Bätz, Heinz (Autor)
Formato: Libro
Lenguaje:alemán
Publicado: Berlin : Verlag Technik, 1980
Edición:5.bearb.Auf
Etiquetas: Agregar Etiqueta
Sin Etiquetas, Sea el primero en etiquetar este registro!

MARC

LEADER 00000nam a22000003a 4500
001 stu89576
005 20150617225628.3
008 040811s1980------------------------ger-d
040 |a STU  |b slo 
041 0 |a ger 
080 |a 621.316.54 
100 1 |a Bätz, Heinz  |4 aut 
245 1 |a Elektronische Schalgeräte 
250 |a 5.bearb.Auf 
260 |a Berlin :  |b Verlag Technik,  |c 1980 
300 |a 172 s 
996 |b E49625  |c E*49625  |l EE04  |s P  |a 0  |w stu89576_0001